000 00653nam a22002177a 4500
003 UA-OsUOA
001 94203
007 ta
008 20130206b un ||||| |||| 00| 0 ukr d
100 _aДози Дж.
090 _a330
_bД62
942 _cSA
040 _aUA-OsUOA
_brus
_cUA-OsUOA
_dUA-OsUOA
245 _aЭкономическая координация и динамика: некоторые особенности альтернативной эволюционной парадигмы
300 _aС.31-61
955 _a0
041 _arus
080 _a330
773 0 _w94201
650 7 _a330 Економіка взагалі
_2UDC
999 _c380450
_d380450